NCAA College Teams by State: Georgia - Statistics

General Stats
  • This quiz has been taken 98 times
  • The average score is 9 of 30
Answer Stats
% Correct
Division I-A Georgia Bulldogs
100%
Division I-A Georgia State Panthers
93%
Division I-A Georgia Tech Yellow Jackets
93%
Division I-A Georgia Southern Eagles
84%
Division I-AA Kennesaw State Owls
61%
Division II West Georgia Wolves
44%
Division II North Georgia Nighthawks
43%
Division I-AA Mercer Bears
40%
Division II Savannah State Tigers
33%
Division III Emory Eagles
32%
Division II Morehouse Maroon Tigers
25%
Division II Augusta Jaguars
24%
Division II Valdosta State Blazers
23%
Division II Clark Atlanta Panthers
20%
Division II Albany State Golden Rams
19%
Division III Berry Vikings
19%
Division II Georgia College Bobcats
15%
Division III Oglethorpe Stormy Petrels
15%
Division II Shorter Hawks
15%
Division II Columbus State Cougars
13%
Division II Clayton State Lakers
12%
Division III Piedmont Lions
12%
Division III Agnes Scott Scotties
11%
Division III Covenant Scots
11%
Division II Emmanuel Lions
11%
Division II Young Harris Mountain Lions
11%
Division II Fort Valley State Wildcats
9%
Division II Georgia Southwestern State Hurricanes
9%
Division III LaGrange Panthers
9%
Division III Wesleyan Wolves
8%
No matching quizzes found
Score Distribution
Percent of People with Each Score
Percentile by Number Answered
Your Score History
You have not taken this quiz